Riconosci lo Stato - Quiz n°191 - Statistics

Statistiche generali
  • Questo quiz è stato fatto 28 volte
  • Il punteggio medio è 12 su 13
Statistiche sulle risposte
Indizio Risposta % Corretto
Iniziale della Capitale F
100%
Popolazione 7.813.215 ab.
96%
Superficie 71.740 km² (
92%
Primo ministro David Sengeh
92%
Valuta Leone
92%
Fuso Orario UTC+0
92%
Indipendenza 27 aprile 1961 dal Regno Unito
88%
Presidente della Repubblica Julius Maada Bio
88%
Forma di Governo Repubblica semi-presidenziale
88%
ISU 0,479
83%
Tasso di crescita 2,277%
83%
PIL (nominale) 3 789 milioni di $
83%
Risposta Sierra Leone
83%
Nessun quiz corrispondente trovato
Distribuzione punteggi
Percentuale di utenti per punteggio
Percentile per numero di risposta
I tuoi punteggi nel tempo
Non hai fatto questo quiz